|
|
|
|
| LEADER |
00000nam a2200000 a 4500 |
| 001 |
UCU7025 |
| 003 |
CL-VaPUC |
| 008 |
960628e19700000SP |||||||||||||||||spa|d |
| 082 |
0 |
4 |
|a 690.2
|b BAU
|2 21
|
| 100 |
0 |
|
|a Baud, G
|e author
|9 365502
|
| 245 |
1 |
0 |
|a Tecnología de la construcción
|
| 250 |
|
|
|a 3a. ed
|
| 300 |
|
|
|a 447 p
|
| 942 |
|
|
|c BK
|
| 945 |
|
|
|d 19960628 00:00:00
|a cmena
|
| 260 |
|
|
|a Barcelona
|b Blume
|c 1970
|
| 650 |
|
7 |
|a TECNOLOGIA DE LA CONSTRUCCION
|2 CL-VaPUC
|9 260196
|
| 650 |
|
0 |
|a Edificios
|9 260501
|
| 650 |
|
0 |
|a Materiales de construcción
|9 260197
|
| 650 |
|
0 |
|a Elementos estructurales
|9 350100
|
| 650 |
|
0 |
|a Ingeniería civil
|9 260076
|
| 650 |
|
7 |
|a MECANICA DEL SUELO
|2 CL-VaPUC
|9 350104
|
| 650 |
|
0 |
|a Propiedades mecánicas
|9 262507
|
| 583 |
|
|
|a last modification
|c 19960628 00:00:00
|k Rodrigo Vera
|
| 999 |
|
|
|c 249741
|d 249739
|